Loading...
Fine Arts - Other Arts | 1 | 2 | 1 | 0 | 30 | 62 | 112.67 | 0 | 2 |
Literature - World Literature | 1 | 1 | 0 | 0 | 25 | 54 | 84.00 | 1 | 2 |
History - World History | 0 | 2 | 0 | 0 | 20 | 86 | 90.00 | 0 | 2 |
Auditory Arts | 0 | 3 | 2 | 1 | 20 | 110 | 127.00 | 1 | 3 |
History - Ancient History | 0 | 2 | 0 | 1 | 20 | 112 | 125.00 | 0 | 1 |
Social Science | 0 | 2 | 0 | 0 | 20 | 86 | 106.50 | 0 | 2 |
Visual Arts | 0 | 2 | 1 | 0 | 15 | 94 | 97.50 | 0 | 2 |
History - American History | 0 | 2 | 1 | 0 | 15 | 111 | 117.50 | 0 | 0 |
Literature - European Literature | 1 | 0 | 0 | 0 | 15 | 66 | 66.00 | 1 | 1 |
Literature - British Literature | 0 | 1 | 0 | 0 | 10 | 107 | 107.00 | 0 | 1 |
History - Other History | 0 | 1 | 0 | 0 | 10 | 107 | 107.00 | 0 | 0 |
Beliefs | 0 | 2 | 3 | 1 | 5 | 93 | 114.00 | 0 | 0 |
Science - Chemistry | 0 | 0 | 0 | 0 | 0 | 0.00 | 0 | 0 | |
Science - Other Science | 0 | 0 | 0 | 0 | 0 | 0.00 | 0 | 0 | |
Other Academic | 0 | 0 | 1 | 0 | -5 | 0.00 | 0 | 0 |